| 000 | 00663nam a2200193Ia 4500 | ||
|---|---|---|---|
| 003 | GCL | ||
| 008 | 140319s9999 xx 000 0 ara d | ||
| 040 |
_aGCL / _cGCL |
||
| 082 | 0 | 4 |
_a157.6 _bح ت |
| 100 | 1 | _aفرج عبدالقادر طه | |
| 245 | 1 | 0 |
_aالتورط فى المخدرات: دراسة نفسية اجتماعية فى مصر / _cفرج عبدالقادر طه |
| 700 | 1 | _aحمد عبدالكريم المزروقى | |
| 300 | _a365 ص | ||
| 490 |
_aبحوث مشروع مكافحه المخدرات _v0 |
||
| 650 | 0 | 4 | _aعلم النفس |
| 650 | 0 | 4 | _aالمخدرات |
| 650 | 0 | 4 | _aعلم النفس الاكلينيكى |
| 942 |
_2ddc _cBK |
||
| 999 |
_c51729 _d51729 |
||